000 00596cab a22001935a 4500
001 L154552
008 111220s2011 xxka f 000 0 eng d
035 _a(Sirsi) u154552
041 0 _aeng
100 1 _aBattrick, Paul
245 0 4 _aThe rainbow suite
_bthe 1999 FIDIC contracts, part 4
260 _c2011
490 _aCivil Engineering Surveyor
_vDecember/January 2012, 23-25(3)
520 _aKnow your contract. Looks at studying project contracts themselves.
651 4 _aInternational
690 _aBUILT ENVIRONMENT-BUILDING CONTRACT FORMS
700 1 _aDuggan, Phil
942 _n0
999 _c83662
_d83662